000 00974pam a2200277 a 4500
001 2894409
003 ARRUPE
005 20131127130240.0
008 870423s1987 miu 000 0 eng
010 _a 87009297
020 _a0802802826 (pbk.)
040 _aDLC
_cDLC
_dDLC
043 _an-us---
050 0 0 _aHN31
_b.S546 1987
100 1 _aSimon, Arthur R.
_94182
245 1 0 _aChristian faith and public policy :
_bno grounds for divorce /
_cArthur Simon.
260 _aGrand Rapids, Mich. :
_bW.B. Eerdmans,
_cc1987.
300 _aviii, 120 p. ;
_c22 cm.
500 _aCover title: Christian faith & public policy.
650 0 _aChurch and social problems
_zUnited States
_xCase studies.
_94183
650 0 _aSocial action
_zUnited States
_xCase studies.
_94184
650 0 _aChristian ethics
_zUnited States
_xCase studies.
_94185
740 0 _aChristian faith & public policy.
906 _a7
_bcbc
_corignew
_d1
_eocip
_f19
_gy-gencatlg
942 _2lcc
_cMONOGRAPH
999 _c118772
_d118772